000 00316nam a22001337a 4500
008 171004b xxu||||| |||| 00| 0 eng d
020 _a9780534356156
041 _aeng
080 _26TH
_a159.9
100 _a48
101 _aPSI
245 _aISSUES & ETHICS IN THE HELPING PROFESSIONS
_cCOREY,G
942 _2udc
_cBK
999 _c31647
_d31647